[Event "OBEM 2016"]
[Site "Germany , Bremen"]
[Date "2016.03.20"]
[Round "3.31"]
[White "Rast, Matthias"]
[Black "Holtermann, Klaas"]
[Result "0-1"]
[WhiteElo "1213"]
[BlackElo "1714"]
[PlyCount "24"]

1. c4 Nf6 2. g3 g6 3. Bg2 d5 4. cxd5 Nxd5 5. e4 Nb6 6. d4 Bg7 7. Nf3 c5 8. Be3
Nc6 9. e5 cxd4 10. Bxd4 Nxd4 11. Qxd4 Qxd4 12. Nxd4 Bxe5 0-1

[Event "OBEM 2016"]
[Site "Germany , Bremen"]
[Date "2016.03.20"]
[Round "3.32"]
[White "Peine, Olaf"]
[Black "Ungar, Benedict"]
[Result "0-1"]
[WhiteElo "1504"]
[BlackElo "1678"]
[PlyCount "62"]

1. c4 Nf6 2. Nc3 d5 3. d4 e6 4. e3 c6 5. Nf3 Bd6 6. c5 Bc7 7. b4 O-O 8. Bb2 b6
9. Be2 bxc5 10. bxc5 Ba6 11. O-O Bxe2 12. Nxe2 Nbd7 13. Qc2 Re8 14. Qa4 e5 15.
Qxc6 e4 16. Ng5 Rc8 17. Qa4 Bxh2+ 18. Kh1 Bb8 19. Qd1 Ng4 20. Nh3 Qh4 21. Qe1
Re6 22. Neg1 Rf6 23. f3 Bg3 24. Qe2 Nh2 25. fxe4 Nxf1 26. Rxf1 Rxf1 27. Qxf1
Nf6 28. Qf5 Rb8 29. Nf3 Qxe4 30. Qxe4 dxe4 31. Ne5 Rxb2 0-1

[Event "OBEM 2016"]
[Site "Germany , Bremen"]
[Date "2016.03.20"]
[Round "3.33"]
[White "Goes, Carsten"]
[Black "Nagel, Rudolf"]
[Result "1-0"]
[WhiteElo "1770"]
[BlackElo "1388"]
[PlyCount "53"]

1. d4 d5 2. c4 Nf6 3. cxd5 Nxd5 4. Nf3 e6 5. e4 Bb4+ 6. Nbd2 Nf6 7. Bd3 O-O 8.
O-O b6 9. e5 Nd5 10. Nb3 Be7 11. Qe2 f5 12. exf6 Nxf6 13. Bg5 Qd6 14. Bxf6 Bxf6
15. Qe4 c6 16. Qxh7+ Kf7 17. Rfe1 Nd7 18. Qh5+ Ke7 19. Bc4 Nb8 20. d5 b5 21.
Bf1 Bd7 22. dxe6 Be8 23. Qg4 Na6 24. Rad1 Qc7 25. Nh4 Rh8 26. Ng6+ Bxg6 27.
Rd7+ 1-0

[Event "OBEM 2016"]
[Site "Germany , Bremen"]
[Date "2016.03.20"]
[Round "3.34"]
[White "Zijlstra, Berend"]
[Black "Wundahl, Juergen"]
[Result "0-1"]
[WhiteElo "1300"]
[BlackElo "1726"]
[PlyCount "76"]

1. e4 c5 2. Nf3 Nc6 3. d4 cxd4 4. Nxd4 Nf6 5. Nxc6 bxc6 6. Nc3 e5 7. Be2 Bb4 8.
Bd3 d5 9. O-O d4 10. Ne2 Bd6 11. c4 c5 12. a4 O-O 13. h3 Rb8 14. b3 Bd7 15. Rb1
Bc6 16. Bg5 Be7 17. Bxf6 Bxf6 18. Ng3 g6 19. f4 exf4 20. Rxf4 Be5 21. Rf3 Qc7
22. Qe1 Rb4 23. Bc2 Rfb8 24. Qf2 Bxg3 25. Qxg3 Qxg3 26. Rxg3 Bxa4 27. bxa4
Rxb1+ 28. Bxb1 Rxb1+ 29. Kh2 Rb4 30. Rg5 Rxc4 31. Rd5 Kf8 32. a5 Ke7 33. g4 Ke6
34. Kg3 Rc3+ 35. Kf4 h6 36. g5 h5 37. Rd8 Rxh3 38. Re8+ Kd7 0-1

[Event "OBEM 2016"]
[Site "Germany , Bremen"]
[Date "2016.03.20"]
[Round "3.35"]
[White "Borbely, Kurt"]
[Black "Seliskar, Henryk"]
[Result "1/2-1/2"]
[WhiteElo "1054"]
[BlackElo "1540"]
[PlyCount "37"]

1. d4 Nf6 2. Nf3 e6 3. e3 b6 4. Bd3 Bb7 5. Nbd2 Be7 6. O-O O-O 7. Re1 c5 8. c3
d5 9. e4 dxe4 10. Nxe4 Nbd7 11. Bg5 h6 12. Nxf6+ Nxf6 13. Bxf6 Bxf6 14. Be4
Bxe4 15. Rxe4 cxd4 16. cxd4 Qd5 17. Re2 Rfd8 18. Rd2 Rac8 19. Qb3 1/2-1/2

[Event "OBEM 2016"]
[Site "Germany , Bremen"]
[Date "2016.03.20"]
[Round "3.36"]
[White "Schubert, Karl Heinz"]
[Black "Rose, Helmut"]
[Result "0-1"]
[WhiteElo "1027"]
[BlackElo "1511"]
[PlyCount "86"]

1. e4 e6 2. b3 c6 3. Bb2 d5 4. e5 c5 5. Nf3 Nc6 6. Bb5 a6 7. Bxc6+ bxc6 8. d3
Ne7 9. Ng5 Nf5 10. h4 Be7 11. f4 O-O 12. g4 Ne3 13. Qe2 d4 14. Na3 h6 15. Nf3
f6 16. Nc4 a5 17. Nxe3 dxe3 18. Qxe3 f5 19. g5 h5 20. O-O-O a4 21. Ba3 Qb6 22.
Nd2 axb3 23. Nc4 bxa2 24. Nxb6 a1=Q+ 25. Kd2 Qxa3 26. Nxa8 Qxa8 27. Ra1 Qb7 28.
Qf3 g6 29. Ra4 Rd8 30. Rha1 Qd7 31. Ra7 Qe8 32. Rc7 Bd7 33. Raa7 Bf8 34. Qe3
Bc8 35. Ra8 c4 36. Qb6 cxd3 37. c3 c5 38. Rc6 Be7 39. Rxe6 Bxe6 40. Qxe6+ Kf8
41. Ra6 Qb5 42. Rb6 Qa4 43. Rb7 Qc2+ 0-1